| 000 | 01030nam a2200325Ia 4500 | ||
|---|---|---|---|
| 001 | Z_1218 | ||
| 003 | CHAP | ||
| 008 | 220113s1987 xx 000 0 und d | ||
| 010 | _a164306 | ||
| 020 | _a84-200-0601-7 | ||
| 040 | _cCHAP | ||
| 082 | _a636.0824 H85 | ||
| 100 |
_aHunter, R. H. F. _956948 |
||
| 245 |
_aReproducción de los animales de granja / _cR. H. F. Hunter; traducción Pedro Ducar Maluenda |
||
| 260 |
_aEspaña : _bAcribia, _c1987 |
||
| 300 | _ax, 200 p. | ||
| 500 | _aTraducción de título original en inglés: Reproduction of farm animals | ||
| 503 | _aej.1: C/E \ ej.2: C/E \ ej.3: C/E \ ej.4: 199294 \ ej.5: donación | ||
| 650 |
_aAnimales _x _x Inseminación artificial _9138428 |
||
| 650 |
_aAnimales _x _x Parto _9138429 |
||
| 650 |
_aReproducción animal _996028 |
||
| 650 |
_aTecnologías de reproducción asistidas _9138430 |
||
| 700 |
_aCucar Maluenda, Pedro, tr. _9138431 |
||
| 901 | _a636.0824 H85 | ||
| 902 | _aM | ||
| 910 | _a1987 | ||
| 942 | _c1 | ||
| 942 | _cc1 | ||
| 999 |
_c164306 _d164306 |
||